000
00304nam a2200133Ia 4500
008
191201s2009 xx 000 0 und d
082
_a
488.9
_b
GRH
100
_a
HARTLEY, Peter
245
0
_a
Group Communication
260
_a
Londan
_b
Routledge
_c
2009
300
_a
226
650
_a
BBA
942
_2
ddc
_c
BK
999
_c
4952
_d
4952